Guess The Artist By Letter (P) - Statistics

General Stats
  • This quiz has been taken 96 times
  • The average score is 8 of 18
Answer Stats
Hint Answer % Correct
Gangnam Style Psy
90%
When Doves Cry Prince
84%
Message In A Bottle The Police
76%
Comfortably Numb Pink Floyd
70%
West End Girls Pet Shop Boys
62%
Every Rose Has Its Thorn Poison
59%
Sledgehammer Peter Gabriel
58%
Hey There Delilah The Plain White T's
45%
Kodachrome Paul Simon
42%
Straight Up Paula Abdul
37%
Whiter Shade of Pale Procol Harum
37%
Better Now Post Malone
26%
Give Me Everything Pitbull
24%
Death of A Bachelor Panic! At The Disco
22%
Baby Come Back Player
17%
Amie Pure Prairie League
17%
Do The Evolution Pearl Jam
15%
Magic Pilot
10%
No matching quizzes found
Score Distribution
Percent of People with Each Score
Percentile by Number Answered
Your Score History
You have not taken this quiz